000 00426nam a22001457a 4500
999 _c7625
_d7623
005 20210316140249.0
008 210316b ||||| |||| 00| 0 eng d
082 _a346.066
100 _aAIYAR, A.N
_96466
245 _aREPOERTS OF COMPANY CASES INCLUDING CASES ON BANKING AND INSURENCE [VOL-109]
260 _aCHENNAI
_bCOMPANY LAW INSTITUTE OF INDIA
_c2002
300 _a1072; i-xxviii,p
650 _aLAW
_95701
942 _cJRL